000 01158cam a22003497a 4500
001 17678503
003 OSt
005 20150408114154.0
008 130329s2010 ii a b 001 0 eng d
010 _a 2012540852
020 _a9781439849651 (hbk.)
020 _a9781466505247
035 _a(OCoLC)ocn688440602
040 _aSISPL
_beng
_cSISPL
_dUAT
_dSINLB
_dNLGGC
_dOCLCQ
_dZWZ
_dDLC
042 _alccopycat
050 0 0 _aQD415
_b.K75 2010
082 0 4 _a547.7
_222
_bKNC
084 _a35.50
_2bcl
100 1 _aKrishnaswamy, N. R.
_919292
245 1 0 _aChemistry of natural products :
_ba unified approach /
_cN.R. Krishnaswamy.
250 _a2nd ed.
260 _aHyderabad, India :
_bUniversities Press ;
_aBoca Raton, FL :
_bCRC Press,
_c2010.
300 _axiii, 417 p. :
_bill. ;
_c25 cm.
504 _aIncludes bibliographical references and index.
650 0 _aNatural products.
650 0 _aBiochemistry.
650 1 7 _aOrganische chemie.
_2gtt
_917184
650 7 _aBiochimie.
_2ram
_940355
906 _a7
_bcbc
_ccopycat
_d2
_encip
_f20
_gy-gencatlg
942 _2ddc
_cDVD
999 _c32294
_d266794